Discoveries in academic writing

Gorde:
Xehetasun bibliografikoak
Egile nagusia: Leonhard, Barbara Harris
Formatua: Liburua
Hizkuntza:Undetermined
Argitaratua: Boston, MA Thomson Learning 2002
Gaiak:
Etiketak: Etiketa erantsi
Etiketarik gabe, Izan zaitez lehena erregistro honi etiketa jartzen!
Thư viện lưu trữ: Trung tâm Học liệu Trường Đại học Cần Thơ
LEADER 00660nam a2200205Ia 4500
001 CTU_128029
008 210402s9999 xx 000 0 und d
020 |c 274000 
082 |a 808.042 
082 |b L584 
100 |a Leonhard, Barbara Harris 
245 0 |a Discoveries in academic writing 
245 0 |c Barbara Harris Leonhard 
260 |a Boston, MA 
260 |b Thomson Learning 
260 |c 2002 
650 |a English language,Academic writing,English language 
650 |x Textbooks for foreign speakers.,Problems, exercises, etc.,Rhetoric,Problems, exercises, etc. 
904 |i Minh 
980 |a Trung tâm Học liệu Trường Đại học Cần Thơ